000 00768nam a2200157 4500
005 20230331101926.0
008 230331b ||||| |||| 00| 0 eng d
040 _cAL
041 _aeng
245 _aMedia Watch
260 _aNew Delhi
_bSage Publications
500 _aMedia Watch is a double-blind peer-reviewed tri-annual media and communication journal demonstrating high-quality academic standards at all levels of its publication. Published jointly by Centre for Academic Social Action and SAGE-India, the journal reflects the international scope of the field and encourages contributions from scholars and researchers worldwide.
650 _2Journalism
_aMass Communication
_980625
856 _ahttps://journals.sagepub.com/home/mdw
942 _2ddc
_cPR
_s1
999 _c227117
_d227117